Ligne 311 - Sion-Martigny - Statistiques

Statistiques générales
  • Ce quiz a été pris 13 fois
  • Le résultat moyen est 12 sur 54
Statistiques - réponses
Arrêts % Correct
Sion, poste/gare
100%
Martigny, gare
75%
Conthey, centre commercial
38%
Fully, poste
38%
Mazembroz
38%
Riddes, gare
38%
Riddes, gare
38%
Branson, village
25%
Chamoson, cimetière
25%
Chamoson, poste
25%
Chataignier
25%
Conthey, bif. conthey-plan
25%
Fully, creppier
25%
Fully, pont de la louye
25%
Fully, stade de charnot
25%
La sarvaz
25%
Leytron, caves provins
25%
Leytron, caves provins
25%
Riddes, les babioux
25%
Saillon, collombeyres
25%
Saillon, les bains
25%
Saillon, les moilles
25%
Saillon, st-laurent
25%
Saxé, café des amis
25%
Saxé, garage gay
25%
Sion, carrefour ouest
25%
Sion, corbassière
25%
Vétroz, la millière
25%
Vétroz, poste
25%
Ardon, arnica
13%
Ardon, centre
13%
Ballavaud
13%
Branson, pont du rhone
13%
Chamoson, palud
13%
Chamoson, pierre-olivier
13%
Fully, la forêt
13%
Fully, le chenil
13%
Fully, londzet
13%
Grand-blettay
13%
Les prises
13%
Leytron, ancienne poste
13%
Leytron, les prix
13%
Leytron, sommet du village
13%
Magnot
13%
Martigny, place de rome
13%
Pont-de-la-morge, centre
13%
Pont-de-la-morge, mont d'or
13%
Saillon, le canal
13%
Vétroz, champs-y-zou
13%
Vétroz, le home
13%
Fully, la colombière
0%
Fully, le carroz
0%
Fully, verdan
0%
Martigny, portes du rhone
0%
Aucun quiz correspondant
Distribution des résultats
% des personnes avec chaque résultat
Percentile par nombre de réponses
Votre historique - résultats
Vous n’avez pas pris ce quiz